1376 1510 1754 1881 1948 1147 1906 1582 1820 1448 1651 1643 1900 1423 1131 1371 1166 1907 1125 1594 1867 1084 1624 1663 1422 1236 1789 1508 1525 1542 1756 1163 1795 1844 1856 1993 1178 1495 1744 1246 1267 1238 1361 1745 1678 1542 1199 1356 1775 1914 1638 1353 1985 1619 1004 1895 1347 1328 1880 1595 1359 1992 1843 1552 1548 1247 1373 1002 1448 1085 1486 1725 1113 1541 1126 1551 1273 1044 1890 1733 1062 1624 1581 1793 1247 1482 1860 1565 1261 1966 1242 1873 1058 1631 1513 1387 1343 1011 1637 BCNSPRNW ULIB Ver.6.0+V

เปลี่ยนเป็นภาษาไทย

Change to English
 แสดงรายละเอียดบรรณานุกรม
  กลับหน้าหลัก

Brief Record : Get Marc (ISO 2709) : E-mail record : QR code < ปิดหน้าต่าง
LEADER : 00000nam a2200000 a 4500
001    13399128080
003     ULIB
008    220426s2564 th a 001 0 tha d
020    ^a9789740340072
040    ^abrv
060 04 ^aWM171.5^bส661ศ
100 0  ^aสายฝน เอกวรางกูร
245 10 ^aศาสตร์และศิลป์การบำบัดดูแลผู้สูงอายุที่มีภาวะซึมเศร้า /^cสายฝน เอกวรางกูร
250    ^aพิมพ์ครั้งที่ 1
260    ^aกรุงเทพฯ :^bสำนักพิมพ์จุฬาลงกรณ์มหาวิทยาลัย,^c2564
300    ^a231 หน้า :^bภาพประกอบ ;^c26 ซม.
504    ^aมีบรรณานุกรมและดัชนี
650  4 ^aการพยาบาลจิตเวชศาสตร์
650  4 ^aจิตเวชศาสตร์ผู้สูงอายุ
650  4 ^aภาวะซึมเศร้า
650  4 ^aโรคซึมเศร้า
650  4 ^aผู้สูงอายุ^zการดูแล
650  4 ^aผู้ป่วยจิตเวช
650  4 ^aผู้ป่วยจิตเวช^xการดูแล
650  4 ^aผู้สูงอายุ^xสุขภาพจิต
945    ^p280^l0^i29253
945    ^p280^l0^i29254
945    ^p280^l0^i29255
945    ^p280^l0^i29256
945    ^p280^l0^i29257
995    ^aัณชพร จุลอักษร
999    ^aกัณชพร จุลอักษร
รายการนี้ยังไม่มีแท็ก
คุณยังไม่ได้ล็อกอิน คุณสามารถมีกิจกรรมร่วมกับเว็บไซต์ได้ แต่ต้องล็อกอินก่อน ::
  ล็อกอิน

รายการสื่อสารสนเทศ

ลำดับที่ ประเภท เลขเรียก/บาร์โค้ด สถานที่ สถานะ
1. หนังสือสำรอง
หนังสือสำรอง
WM171.5 ส661ศ ฉ.1 
  Barcode: 29253
ห้องสมุดวิทยาเขตนครสวรรค์
►หนังสือทั่วไป:l:General Books
บนชั้น
2. วิทยาศาสตร์การแพทย์ และสุขภาพ
วิทยาศาสตร์การแพทย์ และสุขภาพ
WM171.5 ส661ศ ฉ.2 
  Barcode: 29254
ห้องสมุดวิทยาเขตนครสวรรค์
►หนังสือทั่วไป:l:General Books
บนชั้น
3. วิทยาศาสตร์การแพทย์ และสุขภาพ
วิทยาศาสตร์การแพทย์ และสุขภาพ
WM171.5 ส661ศ ฉ.3 
  Barcode: 29255
ห้องสมุดวิทยาเขตนครสวรรค์
►หนังสือทั่วไป:l:General Books
บนชั้น
4. วิทยาศาสตร์การแพทย์ และสุขภาพ
วิทยาศาสตร์การแพทย์ และสุขภาพ
WM171.5 ส661ศ ฉ.4 
  Barcode: 29256
ห้องสมุดวิทยาเขตนครสวรรค์
►หนังสือทั่วไป:l:General Books
บนชั้น
5. วิทยาศาสตร์การแพทย์ และสุขภาพ
วิทยาศาสตร์การแพทย์ และสุขภาพ
WM171.5 ส661ศ ฉ.5 
  Barcode: 29257
ห้องสมุดวิทยาเขตนครสวรรค์
►หนังสือทั่วไป:l:General Books
บนชั้น

รายการใกล้เคียง
    ผู้แต่ง [สายฝน เอกวรางกูร]

    หัวเรื่อง [การพยาบาลจิตเวชศาสตร์]
    หัวเรื่อง [จิตเวชศาสตร์ผู้สูงอายุ]
    หัวเรื่อง [ภาวะซึมเศร้า]
    หัวเรื่อง [โรคซึมเศร้า]
    หัวเรื่อง [ผู้สูงอายุ การดูแล]
    หัวเรื่อง [ผู้ป่วยจิตเวช]
    หัวเรื่อง [ผู้ป่วยจิตเวช การดูแล]

BibComment


ยังไม่เคยถูกคอมเมนท์

คอมเมนท์ทรัพยากรรายการนี้
  คอมเมนท์: ศาสตร์และศิลป์กา..


 Copyright 2026. Bcnsprnw @Library